000 00678cab a2200205 4500
001 WB2404-05
008 090401t1988 xxu||||| |||| 00| 0 eng d
035 _a(Sirsi) u18340
041 _aeng
245 _aRadon gas danger reassessed
260 _c1988
350 _a0
490 _aFinancial Times
_v20/1/88 p5
520 _aThe National Radiological Protection Board estimate the number of deaths caused by radon gas to be 1,500, 50% more than original estimates. The gas, which accumulates in buildings, can produce a danger of lung cancer .
650 _aRADIOACTIVE GAS
650 _aURANIUM
690 _aBUILT ENVIRONMENT
942 _n0
948 _c04/03/1997
999 _c12179
_d12179